LDR 01006nam a2200205 i 4500 001 000000154314 003 CaOOAMICUS 005 20260312112633.0 008 061014s1959 it u000 u ita u 040 $aSeMil$bita 100 1 $aCeriani, Marco$b
.$0(OLS)http://semarc/name/60313 245 10$aGiuseppe Maggiolini da Parabiago, celebre intarsiatore :$bnel 150° Anniversario della morte 1738-1814 /$cmons. Marco Ceriani. 260 $a[S.l. :$bs.n.]$e(Milano :$fTipografia «La Commerciale»,$g1959) 300 $aIV, 57 p., [11] p. di tav. :$b25 cm. 600 14$aMaggiolini, Giuseppe <1738-1814>.$0(OLS)http://semarc/subject/59768 850 $aSeMil 852 $aSeMil$W1$xVenegono$y1$m5R VII 31$j106174$B106174$CSeMilBibl$Z2$F115366 $81 996 $6245$aGiuseppe Maggiolini da Parabiago, celebre intarsiatore :$bnel 150° Anniversario della morte 1738-1814$9(OLS)http://semarc/title/225847 996 $6260$a[S.l. :$bs.n.]$9(OLS)http://semarc/publisher/29751